000 00829njm a22002417a 4500
005 20100906155917.0
007 sd ammalaaahaa
008 100830t xxu||||| |||| 00| 0 hin d
028 _a33ESX. 4252
_bColumbia
035 _aGR-01084
040 _aSED/VEN
100 _917458
_aHemant Kumar
245 _aKitna dukh bhulaya tumne bhag 1 /
_cby Hemant Kumar
_h[Sound recording] :
260 _aDum Dum, India
_bColumbia
300 _a1 Sound disc [Gramophone Record] :
_banlog, 33 1/3 rpm
_c10 in (LP)
_fGramophone Records
500 _aBrief record
505 _aAaj sarabi ankhon se, O Preet nibhane wali part. 2
650 _aClasical music
_91186
_zIndia
_xExcerpts
700 _917459
700 _918539
942 _2ddc
_cGR
999 _c44125
_d44125